Thúc đẩy hòa nhập xã hội cho trẻ khuyết tật thông qua giáo dục /

Đã lưu trong:
書目詳細資料
主要作者: Phan Thị Cẩm Giang.
其他作者: Nguyễn Văn Thanh.
格式: Bài viết
語言:Vietnamese
主題:
標簽: 添加標簽
沒有標簽, 成為第一個標記此記錄!
Thư viện lưu trữ: Thư viện Trường Đại học Đà Lạt
LEADER 01114nam a2200289 4500
001 DLU190189998
005 ##2019322
040 # # |a DLU  |b vie 
041 # # |a vie 
044 # # |a vn 
100 # # |a Phan Thị Cẩm Giang. 
245 # # |a Thúc đẩy hòa nhập xã hội cho trẻ khuyết tật thông qua giáo dục /  |c Phan Thị Cẩm Giang, Nguyễn Văn Thanh. 
653 # # |a Giáo dục 
653 # # |a Hòa nhập xã hội  
653 # # |a Thúc đẩy 
653 # # |a Trẻ khuyết tật  
700 # # |a Nguyễn Văn Thanh. 
773 # # |t Hội thảo khoa học Quốc tế phát triển hòa nhập xã hội dựa vào cộng đồng :  |b Cơ hội và thách thức = The 3rd international conference developing and inclusive society through community based approach : Opportunities and challenger  |g 2017, tr. 201-210 
920 # # |a Phòng Sau đại học -- Trung tâm Thông tin - Thư viện Trường Đại học Đà Lạt 
994 # # |a DLU 
900 # # |a True 
911 # # |a Hoàng Thị Huyền 
925 # # |a G 
926 # # |a A 
927 # # |a BB 
980 # # |a Thư viện Trường Đại học Đà Lạt